Rukověť exportéra: Španělsko Dovozní režim a související předpisy

Hlavné informácie, ktoré sú dôležité pri prevádzaní zahraničného obchodu so Španielskom. Charakteristika krajiny. Voľné colné pásma. Obchodné banky. Hospodárske komory. Dovozný režim. Platobné a dodacie podmienky. Špeciálne predpisy. Prepravné balenie. Clá, dane, ochranné známky, patenty. Vývozné pr...

Descrizione completa

Salvato in:
Dettagli Bibliografici
Natura: Capitolo di libro
Lingua:ceco
Soggetti:
Tags: Aggiungi Tag
Nessun Tag, puoi essere il primo ad aggiungerne!!

MARC

LEADER 00000naa a2200000 4500
001 r015445
005 20221213082837.8
041 0 |a cze 
044 |a CZ 
245 1 0 |a Rukověť exportéra: Španělsko  |b Dovozní režim a související předpisy 
520 |a Hlavné informácie, ktoré sú dôležité pri prevádzaní zahraničného obchodu so Španielskom. Charakteristika krajiny. Voľné colné pásma. Obchodné banky. Hospodárske komory. Dovozný režim. Platobné a dodacie podmienky. Špeciálne predpisy. Prepravné balenie. Clá, dane, ochranné známky, patenty. Vývozné predpisy. Devízové predpisy. 
610 2 0 |a styk zahraničnoobchodný 
610 2 0 |a Španielsko 
610 2 0 |a podmienky dodacie 
610 2 0 |a podmienky platobné 
610 2 0 |a dokumenty 
610 2 0 |a dovoz 
610 2 0 |a clá 
610 2 0 |a známky ochranné 
610 2 0 |a balenie